Les 10 villes les plus peuplées par région française - Statistiques

Statistiques générales
  • Ce quiz a été pris 68 fois
    32 depuis la dernière actualisation
  • Le résultat moyen est 70 sur 130
Statistiques - réponses
Région Rang Population Réponse % Correct
Îme-de-France 1 2 113 705 Paris
100%
Nouvelle Aquitaine 1 265 328 Bordeaux
90%
Auvergne Rhône-Alpes 1 520 774 Lyon
90%
5 147 751 Clermont-Ferrand
85%
Pays de la Loire 1 325 070 Nantes
85%
2 353 701 Nice
85%
Bretagne 1 227 830 Rennes
85%
2 172 569 Saint-Étienne
85%
PACA 1 877 215 Marseille
80%
3 121 695 Metz
80%
6 98 119 Nanterre
80%
4 120 996 Perpignan
80%
2 116 331 Rouen
80%
Grand Est 1 291 709 Strasbourg
80%
Occitanie 1 511 684 Toulouse
80%
8 64 288 Valence
80%
3 162 207 Villeurbanne
80%
6 131 272 Annecy
75%
2 140 993 Brest
75%
Bourgogne Franche-Comté 1 159 941 Dijon
75%
Hauts-de-France 1 238 695 Lille
75%
5 104 387 Nancy
75%
2 148 907 Saint-Denis
75%
3 180 834 Toulon
75%
Corse 1 75 343 Ajaccio
70%
2 134 780 Amiens
70%
2 157 555 Angers
70%
5 91 760 Avignon
70%
2 120 057 Besançon
70%
3 108 398 Caen
70%
6 67 585 Calais
70%
7 74 040 Cannes
70%
8 92 859 Créteil
70%
4 156 389 Grenoble
70%
Normandie 1 166 462 Le Havre
70%
4 104 924 Mulhouse
70%
3 150 444 Nîmes
70%
2 116 344 Orléans
70%
5 78 620 Pau
70%
3 64 530 Quimper
70%
2 178 478 Reims
70%
4 147 933 Aix-en-Provence
65%
6 76 612 Antibes
65%
5 35 236 Auxerre
65%
2 47 459 Bastia
65%
9 53 312 Bayonne
65%
3 120 205 Boulogne-Billancourt
65%
3 64 238 Bourges
65%
9 60 251 Chambéry
65%
6 67 360 Colmar
65%
5 54 699 La Roche-sur-Yon
65%
3 145 182 Le Mans
65%
2 129 754 Limoges
65%
2 307 101 Montpellier
65%
8 60 074 Niort
65%
3 89 472 Poitiers
65%
4 73 111 Saint-Nazaire
65%
Centre Val de Loire 1 138 668 Tours
65%
5 80 815 Béziers
60%
8 46 429 Carcassonne
60%
4 79 961 La Rochelle
60%
4 58 202 Lorient
60%
3 11 536 Porto-Vecchio
60%
4 99 160 Tourcoing
60%
5 54 955 Vannes
60%
10 89 489 Aubervilliers
55%
8 55 906 Beauvais
55%
3 45 646 Belfort
55%
4 44 592 Chalon-sur-Saône
55%
5 87 013 Dunkerque
55%
4 110 758 Montreuil
55%
3 99 507 Roubaix
55%
7 44 607 Saint-Brieuc
55%
7 62 443 Troyes
55%
10 41 423 Angoulême
50%
10 51 156 Arles
50%
4 47 092 Blois
50%
4 78 028 Cherbourg-en-Cotentin
50%
5 48 335 Évreux
50%
8 49 474 Laval
50%
6 34 759 Mâcon
50%
6 77 136 Mérignac
50%
7 33 172 Nevers
50%
6 47 255 Saint-Malo
50%
10 42 979 Valenciennes
50%
5 107 135 Argenteuil
45%
9 5 720 Calvi
45%
5 43 079 Châteauroux
45%
6 54 074 Cholet
45%
7 28 599 Dieppe
45%
6 56 692 Narbonne
45%
7 66 874 Pessac
45%
10 44 529 Tarbes
45%
7 95 282 Vitry-sur-Seine
45%
5 7 737 Corte
40%
8 6 308 Furiani
40%
9 55 384 Hyères
40%
9 52 995 Saint-Quentin
40%
7 66 701 Vénissieux
40%
7 50 605 Albi
35%
8 45 634 Charleville-Mézières
35%
9 20 632 Concarneau
35%
10 32 296 Épinal
35%
7 37 990 Chartres
30%
8 31 205 Dreux
30%
10 20 602 Fougères
30%
8 62 905 La Seyne-sur-Mer
30%
9 25 516 Montbéliard
30%
10 19 352 Saint-Lô
30%
9 45 090 Sète
30%
9 25 254 Vierzon
30%
7 62 342 Villeneuve-d'Ascq
30%
8 25 667 Alençon
25%
10 20 233 Beaune
25%
9 43 218 Châlons-en-Champagne
25%
9 90 692 Colombes
20%
10 3 864 Propriano
20%
9 43 349 Rezé
20%
7 50 561 Saint-Herblain
20%
10 49 193 Saint-Priest
20%
6 7 638 Biguglia
15%
4 10 102 Borgo
15%
8 27 275 Sens
15%
6 38 432 Joué-lès-Tours
10%
8 23 188 Lanester
10%
9 19 540 Lisieux
10%
10 26 074 Saumur
10%
6 29 039 Sotteville-lès-Rouen
10%
10 18 377 Romorantin-Lanthenay
5%
7 6 354 Lucciana
0%
Aucun quiz correspondant
Distribution des résultats
% des personnes avec chaque résultat
Percentile par nombre de réponses
Votre historique - résultats
Vous n’avez pas pris ce quiz depuis la dernière actualisation